00386 a2200157 4500003000400000005001700004008004100021020001800062040000900080082002000089100001900109245004500128250001200173260003300185300001000218OSt20231202104755.0231202b |||||||| |||| 00| 0 eng d a9789353909215 coclc a894.8123bIND/D aIndugopan, G R aDetective Prabhaakaran /cG.R. Indugopan a6th ed. aKottayam:bD C Books,c2022. a384p.